| Tag |
First Indicator |
Second Indicator |
Subfields |
| LEADER |
00000cam a2200000 4500 |
| 001 |
in00000023287 |
| 005 |
20151007064349.0 |
| 008 |
720628s1961 nyu 00000 eng u |
| 010 |
|
|
|a 61008474
|
| 035 |
|
|
|a (OCoLC)00344523
|
| 035 |
|
|
|9 AAD9666AM
|
| 040 |
|
|
|c WSU
|d OCL
|d TXA
|d UtOrBLW
|
| 049 |
|
|
|a TXAM
|c [331578]
|
| 050 |
|
0 |
|a PQ4410.B3
|b W5 1961
|
| 092 |
|
|
|a 851
|b D192Ywi, 1961
|
| 100 |
1 |
|
|a Williams, Charles,
|d 1886-1945.
|
| 245 |
1 |
4 |
|a The figure of Beatrice ;
|b a study in Dante.
|
| 264 |
|
1 |
|a New York :
|b Noonday Press,
|c [1961]
|
| 300 |
|
|
|a 236 pages ;
|c 21 cm.
|
| 336 |
|
|
|a text
|b txt
|2 rdacontent
|
| 337 |
|
|
|a unmediated
|b n
|2 rdamedia
|
| 338 |
|
|
|a volume
|b nc
|2 rdacarrier
|
| 490 |
0 |
|
|a Noonday, 208
|
| 600 |
0 |
0 |
|a Dante Alighieri,
|d 1265-1321
|x Characters
|x Beatrice.
|
| 600 |
0 |
0 |
|a Dante Alighieri,
|d 1265-1321
|x Allegory and symbolism.
|
| 600 |
0 |
0 |
|a Dante Alighieri,
|d 1265-1321
|x Criticism and interpretation.
|
| 999 |
|
|
|a MARS
|
| 999 |
f |
f |
|s e741271f-e5a7-36ec-b8da-89441d9614ea
|i 1cf22ceb-5dd4-39ee-8716-d5403516f6da
|t 0
|
| 952 |
f |
f |
|p normal
|a Texas A&M University
|b College Station
|c Sterling C. Evans Library
|d Evans: Library Stacks
|t 0
|e PQ4410.B3 W5 1961
|h Library of Congress classification
|i unmediated -- volume
|m A14801375837
|
| 998 |
f |
f |
|a PQ4410.B3 W5 1961
|t 0
|l Evans: Library Stacks
|